| 000 | 00760nam a2200229 i 4500 | ||
|---|---|---|---|
| 001 | bg | ||
| 100 | 1 | _aRANACHOWSKI, Jerzy | |
| 245 | 1 | 0 |
_aWyznaczanie metodami akustycznymi dynamicznych modułów sprężystości / _cJ. Ranachowski, I. Malecki. |
| 260 |
_aWarszawa : _bInstytut Podstawowych Problemów Techniki Polskiej Akademii Nauk, _c1999. |
||
| 300 |
_a40 s. : _b2 wykr. ; _c21 cm. |
||
| 490 | 1 |
_aPrace IPPT, _x0208-5658 ; _v7/1999 |
|
| 504 | _aBibliogr. s. 39-40. | ||
| 650 | 9 |
_aAkustyka _xmetody _xstosowanie |
|
| 650 | 9 |
_aSprężystość _xbadanie _xmetody |
|
| 700 | 1 | _aMALECKI, Ignacy | |
| 830 |
_aPrace IPPT, _x0208-5658 ; |
||
| 040 | _cBPK | ||
| 041 | 0 | _apl | |
| 080 | _a534.8:539.3 | ||
| 942 | _cKS | ||
| 008 | s pl f |000 0 pol | ||
| 999 |
_c35809 _d35809 |
||
| 856 |
_uhttp://koha.tu.koszalin.pl/cgi-bin/koha/opac-detail.pl?biblionumber=35809 _yKatalog online BPK |
||